Alphabet in Sporcle Quiz Stats

Quiz Updated Mar 6, 2017

Challenge
Share
Tweet
Embed
Score 0/26 Timer 07:00
4 Plays Today
Quiz Answer % Correct
Greek GodsZeus
92.4%
The Eight PlanetsSaturn
92.1%
Countries of South AmericaArgentina
90.4%
U.S. StatesRhode Island
85.9%
Three Letter Body PartsJaw
85.5%
Seven DwarvesBashful
82.8%
Pixar MoviesUp
80.5%
U.S. PresidentsAbraham Lincoln
79.1%
Countries of AfricaKenya
78.6%
Countries of AsiaVietnam
76.8%
MLB TeamsNew York Yankees
75.3%
Periodic TableXenon
74.4%
Countries of EuropeEstonia
71.2%
Quiz Answer % Correct
4-Sport CitiesPhiladelphia
68.9%
Countries of OceaniaFiji
63.9%
Adam Sandler MoviesHappy Gilmore
62.8%
Greek LettersChi
58.3%
NFL TeamsMiami Dolphins
57.4%
Most Visited Websites (UK)Wikipedia
51.8%
Common PasswordsQwerty
50.6%
Countries of North AmericaTrinidad and Tobago
49.2%
NBA TeamsMemphis Grizzlies
41.7%
U.S. CapitalsNashville
41.3%
NHL TeamsToronto Maple Leafs
33.9%
English Alpha Code WordsOscar
28%
Pokémon (1-151)Ivysaur
14.9%

You're not logged in!

Compare scores with friends on all Sporcle quizzes.
Sign Up with Email
OR
Log In

You Might Also Like...

Show Comments

Extras

Top Quizzes Today


Score Distribution

Your Account Isn't Verified!

In order to create a playlist on Sporcle, you need to verify the email address you used during registration. Go to your Sporcle Settings to finish the process.